|
|
|
|
| LEADER |
01093pam a22003018a 4500 |
| 001 |
00026404 |
| 005 |
20171026081023.0 |
| 008 |
110815s2007 ||||||viesd |
| 020 |
|
|
|c 8000
|
| 041 |
0 |
# |
|a vie
|
| 082 |
1 |
4 |
|a 570.71
|b S312H
|
| 245 |
0 |
0 |
|a Sinh học 11
|c Vũ Văn Vụ (tổng ch.b)...[và nh. ng. khác]
|b Sách giáo viên : Nâng cao
|
| 260 |
# |
# |
|a H.
|b Giáo dục
|c 2007
|
| 300 |
# |
# |
|c 24 cm.
|a 208 tr.
|b minh họa
|
| 500 |
# |
# |
|a ĐTTS ghi: Bộ Giáo dục và Đào tạo
|
| 650 |
# |
4 |
|a Sinh học
|
| 650 |
# |
4 |
|a Lớp 11
|
| 650 |
# |
4 |
|a Sách giáo viên
|
| 700 |
1 |
# |
|a Nguyễn Như Hiền
|e ch.b
|
| 700 |
1 |
# |
|a Vũ Văn Vụ
|e tổng ch.b
|
| 700 |
1 |
# |
|a Vũ Đức Lưu
|e ch.b
|
| 852 |
# |
# |
|b Kho giáo trình
|j KGT.0029517, KGT.0029518, KGT.0029519, KGT.0029520
|
| 852 |
# |
# |
|b Kho mượn
|j KGT.0029517
|
| 852 |
# |
# |
|b Kho đọc
|j KD.0011138
|
| 852 |
# |
# |
|j KGT.0029518
|j KGT.0029519
|j KD.0011138
|j KGT.0029517
|j KGT.0029520
|
| 910 |
|
|
|d 15/08/2011
|
| 980 |
# |
# |
|a Trung tâm Học liệu Lê Vũ Hùng, Trường Đại học Đồng Tháp
|